Genghis Khan (Record no. 187358)
[ view plain ]
| 000 -LEADER | |
|---|---|
| fixed length control field | 00565 a2200205 4500 |
| 003 - CONTROL NUMBER IDENTIFIER | |
| control field | Nust |
| 005 - DATE AND TIME OF LATEST TRANSACTION | |
| control field | 20170207153502.0 |
| 010 ## - LIBRARY OF CONGRESS CONTROL NUMBER | |
| LC control number | 27020942 |
| 020 ## - INTERNATIONAL STANDARD BOOK NUMBER | |
| International Standard Book Number | 052300852X |
| 040 ## - CATALOGING SOURCE | |
| Transcribing agency | Nust |
| 082 ## - DEWEY DECIMAL CLASSIFICATION NUMBER | |
| Classification number | 950.2 |
| 100 ## - MAIN ENTRY--PERSONAL NAME | |
| Personal name | Lamb, Harold, |
| 245 ## - TITLE STATEMENT | |
| Title | Genghis Khan |
| Statement of responsibility, etc. | Harold Lamb |
| 260 ## - PUBLICATION, DISTRIBUTION, ETC. | |
| Place of publication, distribution, etc. | New York |
| Name of publisher, distributor, etc. | R.M. McBride |
| Date of publication, distribution, etc. | 1927 |
| 300 ## - PHYSICAL DESCRIPTION | |
| Extent | 240 p |
| Other physical details | illu., |
| Dimensions | maps |
| Accompanying material | 23 cm |
| 505 ## - FORMATTED CONTENTS NOTE | |
| Formatted contents note | The Desert (Page-19) Cathay (Page-77) The Sword Arm Of Islam (Page-108) Afterword (Page-188) |
| 538 ## - SYSTEM DETAILS NOTE | |
| System details note | Almirah No.56 and Shelf No.1 |
| 600 ## - SUBJECT ADDED ENTRY--PERSONAL NAME | |
| Personal name | Lamb, Harold, |
| 650 ## - SUBJECT ADDED ENTRY--TOPICAL TERM | |
| Topical term or geographic name entry element | Genghis Khan |
| 942 ## - ADDED ENTRY ELEMENTS (KOHA) | |
| Source of classification or shelving scheme | |
| Koha item type | Book |
| Withdrawn status | Lost status | Source of classification or shelving scheme | Damaged status | Not for loan | Collection code | Permanent Location | Current Location | Date acquired | Total Checkouts | Full call number | Barcode | Date last seen | Price effective from | Koha item type |
|---|---|---|---|---|---|---|---|---|---|---|---|---|---|---|
| Military College of Signals (MCS) | Military College of Signals (MCS) | 12/12/2016 | 950.2 LAM | MCS29164 | 12/08/2016 | 12/12/2016 | Book |
